La monarquía tradicional / (Record no. 59187)

MARC details
000 -LEADER
campo de control de longitud fija 00642nam a2200205 i 4500
001 - NÚMERO DE CONTROL
campo de control 59187
003 - IDENTIFICADOR DE NÚMERO DE CONTROL
campo de control ES-MaACL
005 - FECHA Y HORA DE LA ÚLTIMA TRANSACCIÓN
campo de control 20260129170020.0
007 - CAMPO FIJO DE DESCRIPCIÓN FÍSICA--INFORMACIÓN GENERAL
campo de control de longitud fija t|
008 - DATOS DE LONGITUD FIJA--INFORMACIÓN GENERAL
campo de control de longitud fija 031027s1954 sp 00110 spa d
100 1# - ENTRADA PRINCIPAL--NOMBRE DE PERSONA
Nombre de persona Elías de Tejada, Francisco.
9 (RLIN) 46976
245 13 - MENCIÓN DEL TÍTULO
Título La monarquía tradicional /
Mención de responsabilidad, etc. Francisco Elías de Tejada Spínola.
260 ## - PUBLICACIÓN, DISTRIBUCIÓN, ETC.
Lugar de publicación, distribución, etc. Madrid :
Nombre del editor, distribuidor, etc. Rialp,
Fecha de publicación, distribución, etc. 1954 (
Fabricante Flo-Rez)
300 ## - DESCRIPCIÓN FÍSICA
Extensión 182 p. ;
Dimensiones 20 cm.
490 1# - MENCIÓN DE SERIE
Mención de serie Biblioteca del pensamiento actual ;
Designación de volumen o secuencia 27
650 #4 - PUNTO DE ACCESO ADICIONAL DE MATERIA--TÉRMINO DE MATERIA
Término de materia o nombre geográfico como elemento de entrada Monarquía-
Subdivisión geográfica España.
9 (RLIN) 15144
830 1# - PUNTO DE ACCESO ADICIONAL DE SERIE-TÍTULO UNIFORME
Título uniforme Biblioteca del pensamiento actual
Designación de volumen o secuencia 27
9 (RLIN) 181187
852 ## - LOCALIZACIÓN
Ubicación ES-MaACL
Número de control de estantería C-10496
Holdings
Estatus retirado Estado de pérdida Estado de daño No para préstamo Biblioteca de origen Biblioteca actual Ubicación en estantería Fecha de adquisición Fuente de adquisición Total de préstamos Signatura topográfica completa Código de barras Visto por última vez Precio de reemplazo Tipo de ítem Koha
        Biblioteca del Ateneo de Madrid Biblioteca del Ateneo de Madrid Sala Palomar 17/01/2008     C-10496 1062087 23/02/2023 23/02/2023 Libro impreso